| 000 | 00000nam 2200000zi 4500 |
| 001 | 9.946554 |
| 003 | CaOODSP |
| 005 | 20250121091805 |
| 006 | m o d f |
| 007 | cr bn||||||||| |
| 008 | 250107s1961 onca obfu f000 0 eng d |
| 040 | |aCaOODSP|beng|erda|cCaOODSP |
| 043 | |an-cn--- |
| 086 | 1 |aNR24-28/1960-3E-PDF |
| 245 | 00|aHandbook of pressure coefficients for wind loads 1961 : |bsupplement no. 3 to the National Building Code of Canada / |cissued by the Associate Committee on the National Building Code. |
| 246 | 10|aSupplement no. 3 to the National Building Code of Canada |
| 250 | |aReprinted edition. |
| 264 | 1|aOttawa, Canada : |bNational Research Council, |c1961. |
| 300 | |a1 online resource (17 pages, 3 unnumbered pages) : |billustrations |
| 336 | |atext|btxt|2rdacontent |
| 337 | |acomputer|bc|2rdamedia |
| 338 | |aonline resource|bcr|2rdacarrier |
| 500 | |aCover title. |
| 504 | |aIncludes bibliographical references. |
| 520 | |a"The present handbook of pressure coefficients for wind loads is based mainly on the tables of the Standards of the Swiss Association of Engineers and Architects (SIA Normen No. 160, 1956) which are considered to be the best and most comprehensive data available at the present time"--Introduction, page 2. |
| 650 | 0|aBuilding laws|zCanada. |
| 650 | 0|aBuildings|xStandards|zCanada. |
| 650 | 0|aWind-pressure|vHandbooks, manuals, etc. |
| 650 | 6|aConstruction|xDroit|zCanada|vCodes. |
| 650 | 6|aConstructions|xNormes|zCanada. |
| 650 | 6|aPression du vent|vGuides, manuels, etc. |
| 655 | 7|aHandbooks and manuals|2lcgft |
| 655 | 7|aGuides et manuels|2rvmgf |
| 710 | 2 |aNational Research Council of Canada. |bAssociate Committee on the National Building Code, |eissuing body. |
| 794 | |tStructural information for building design in Canada 1965 : |w(CaOODSP)9.946597 |
| 856 | 40|qPDF|s1.15 MB|uhttps://publications.gc.ca/collections/collection_2025/cnrc-nrc/NR24-28-1960-3-eng.pdf |
| 986 | |a6485 |